| 000 | 00501nam a2200157Ia 4500 | ||
|---|---|---|---|
| 008 | 241206s9999||||xx |||||||||||||| ||und|| | ||
| 020 |
_a9780619033866 _c64 |
||
| 040 |
_beng _cSSK Library _erda |
||
| 082 | _a025.04/NAP | ||
| 100 | _a H. Albert Napier, Philip J. Judd, Ollie N. Rivers, Stuart W. Wagner | ||
| 245 | 0 | _aCreating A Winning E-Business | |
| 260 |
_b Course Technology-Thomson Learning _c©2001 |
||
| 942 |
_2Dewey Decimal Classification _cBOOK _nNo |
||
| 999 |
_c14046 _d14046 |
||
| 003 | OSt | ||
| 005 | 20241206223156.0 | ||